[Event "AUT-chT 1516"]
[Site "Austria"]
[Date "2015.11.06"]
[Round "2.5"]
[White "Mazi, Leon"]
[Black "Schwabeneder, Alois"]
[Result "1-0"]
[WhiteElo "2420"]
[BlackElo "2005"]
[PlyCount "81"]
[EventDate "2015.11.05"]
[EventType "team-tourn"]
[EventRounds "11"]
[EventCountry "AUT"]
[SourceTitle "CBM 169 Extra"]
[Source "ChessBase"]
[SourceDate "2015.12.18"]
[SourceVersion "1"]
[SourceVersionDate "2015.12.18"]
[SourceQuality "1"]
[WhiteTeam "St Veit"]
[BlackTeam "Grieskirchen/Schallerbach"]
[WhiteTeamCountry "AUT"]
[BlackTeamCountry "AUT"]

1. e4 c6 2. d4 d5 3. Nc3 dxe4 4. Nxe4 Bf5 5. Ng3 Bg6 6. Nh3 e6 7. Nf4 Bd6 8. h4 Qc7 9. Nxg6 hxg6 10. Ne4 Bf4 11. Bxf4 Qxf4 12. Ng5 Nf6 13. g3 Qd6 14. c3 Qd5 15. Rg1 Nbd7 16. Bg2 Qa5 17. Qb3 0-0 18. 0-0-0 c5 19. Kb1 Rab8 20. dxc5 Nxc5 21. Qc2 Qc7 22. Rh1 Qe5 23. Rhe1 Qc7 24. Rh1 Qe5 25. Rhe1 Qc7 26. Bf3 b5 27. Rd2 Rfc8 28. h5 gxh5 29. Bxh5 g6 30. Bf3 Qe7 31. Rd4 Kg7 32. Qd2 Ncd7 33. Bd1 Nb6 34. f4 Nc4 35. Qd3 Qb7 36. Bc2 e5 37. fxe5 Nh5 38. Bb3 Qe7 39. Nh3 Nxe5 40. Qe3 f6 41. g4 1-0

[Event "AUT-chT2M 1314"]
[Site "Austria"]
[Date "2013.10.04"]
[Round "1.6"]
[White "Kaltenberger, Heinrich"]
[Black "Schwabeneder, Alois"]
[Result "0-1"]
[WhiteElo "1933"]
[BlackElo "2038"]
[PlyCount "92"]
[EventDate "2013.10.04"]
[EventType "team-tourn"]
[EventRounds "11"]
[EventCountry "AUT"]
[SourceTitle "CBM 156 Extra"]
[Source "ChessBase"]
[SourceDate "2013.10.22"]
[SourceVersion "1"]
[SourceVersionDate "2013.10.22"]
[SourceQuality "1"]
[WhiteTeam "Freistadt/Wartberg"]
[BlackTeam "Grieskirchen/Sedda"]
[WhiteTeamCountry "AUT"]
[BlackTeamCountry "AUT"]

1. d4 Nf6 2. c4 c5 3. Nf3 g6 4. Nc3 cxd4 5. Nxd4 Bg7 6. Qc2 0-0 7. e3 Nc6 8. Be2 d6 9. 0-0 Nd7 10. Rd1 Nc5 11. a3 Nxd4 12. exd4 Bf5 13. Bd3 Nxd3 14. Rxd3 Bxd4 15. Bh6 Bg7 16. Bxg7 Kxg7 17. Qd2 Bxd3 18. Qxd3 Qb6 19. Nd5 Qxb2 20. Rb1 Qe5 21. f4 Qf5 22. Qc3+ e5 23. Re1 Rae8 24. fxe5 dxe5 25. Rf1 Qe4 26. Nf6 Qd4+ 27. Qxd4 exd4 28. Nxe8+ Rxe8 29. Rd1 Rd8 30. Kf2 d3 31. Ke3 d2 32. Rxd2 Rxd2 33. Kxd2 Kf6 34. Ke3 Ke5 35. g3 g5 36. a4 a5 37. g4 b6 38. Kd3 f5 39. gxf5 h5 40. f6 Kxf6 41. c5 bxc5 42. Kc4 g4 43. Kxc5 h4 44. Kb5 g3 45. hxg3 h3 46. Kxa5 h2 0-1

[Event "AUT-chT2M 1213"]
[Site "Austria"]
[Date "2013.03.24"]
[Round "8.6"]
[White "Schwabeneder, Alois"]
[Black "Knoll, Martin"]
[Result "1-0"]
[WhiteElo "2061"]
[BlackElo "2081"]
[PlyCount "141"]
[EventDate "2012.10.19"]
[EventType "team-tourn"]
[EventRounds "11"]
[EventCountry "AUT"]
[SourceTitle "EXT 2014"]
[Source "ChessBase"]
[SourceDate "2013.11.20"]
[SourceVersion "1"]
[SourceVersionDate "2013.11.20"]
[SourceQuality "1"]
[WhiteTeam "Grieskirchen/Schallerbach"]
[BlackTeam "Gleisdorf"]
[WhiteTeamCountry "AUT"]
[BlackTeamCountry "AUT"]

1. Nf3 c6 2. c4 d5 3. e3 g6 4. d4 Nf6 5. Be2 Bg7 6. Nc3 0-0 7. Ne5 dxc4 8. Bxc4 b5 9. Be2 Bb7 10. Bf3 Qb6 11. 0-0 Nbd7 12. Nd3 Rfd8 13. Qe2 Rac8 14. b4 Nd5 15. Ne4 e5 16. dxe5 Nxe5 17. Nxe5 Bxe5 18. Bb2 Qc7 19. Bxe5 Qxe5 20. Nc5 Ba8 21. a3 a5 22. e4 Nb6 23. Rad1 Nc4 24. Bg4 Rxd1 25. Rxd1 Re8 26. Qd3 Nb2 27. Qf3 Nxd1 28. Qxd1 h5 29. Bf3 axb4 30. axb4 Qf6 31. h3 Rd8 32. Qc1 Kg7 33. Qa3 Qe5 34. Qa5 Re8 35. Qa7 Qe7 36. Qa1+ Kh7 37. g4 h4 38. Bg2 Bb7 39. f4 Bc8 40. e5 Qc7 41. Ne4 Re7 42. Qe1 Re6 43. Qxh4+ Kg8 44. Ng5 c5 45. Qh7+ Kf8 46. Qh8+ Ke7 47. Qg8 cxb4 48. Qxf7+ Kd8 49. Nxe6+ Bxe6 50. Qf8+ Kd7 51. Qxb4 Bc4 52. Be4 Qb6+ 53. Kg2 Qd4 54. Qd6+ Qxd6 55. exd6 Bf7 56. Kg3 b4 57. Bb1 Kxd6 58. Kh4 b3 59. Kg5 Ke7 60. f5 gxf5 61. Kxf5 Bg8 62. Kg5 Kf7 63. Kh6 Kf8 64. g5 Bd5 65. h4 Bf7 66. h5 b2 67. g6 Bg8 68. Kg5 Bb3 69. Kf6 Bg8 70. g7+ Ke8 71. h6 1-0

[Event "Donau op 21st"]
[Site "Aschach"]
[Date "2012.12.26"]
[Round "1"]
[White "Krstic, Uros"]
[Black "Schwabeneder, Alois"]
[Result "1-0"]
[WhiteElo "2487"]
[BlackElo "2061"]
[PlyCount "79"]
[EventDate "2012.12.26"]
[EventType "swiss"]
[EventRounds "7"]
[EventCountry "AUT"]
[SourceTitle "CBM 152 Extra"]
[Source "ChessBase"]
[SourceDate "2013.02.25"]
[SourceVersion "1"]
[SourceVersionDate "2013.02.25"]
[SourceQuality "1"]

1. e4 d5 2. exd5 Qxd5 3. Nc3 Qa5 4. Bd3 Nf6 5. h3 Nc6 6. Nf3 Nb4 7. Bc4 Bf5 8. d3 0-0-0 9. Bd2 Qc5 10. 0-0 e6 11. Be3 Qa5 12. Bd2 Qc5 13. a3 Nbd5 14. b4 Qe7 15. Re1 h6 16. Nb5 c6 17. Nfd4 cxb5 18. Nxf5 Qd7 19. Bxd5 Qxd5 20. Ne3 Qd7 21. Qf3 Qc6 22. Qxc6+ bxc6 23. a4 Ne4 24. dxe4 Rxd2 25. axb5 Bxb4 26. Rxa7 Rd7 27. Rea1 Rxa7 28. Rxa7 Kb8 29. Rxf7 cxb5 30. Rxg7 Bc5 31. Rg6 Kb7 32. Rxe6 Bxe3 33. fxe3 Rc8 34. Rxh6 Rxc2 35. Rd6 Kc7 36. Rd3 Kb6 37. e5 b4 38. e6 Rc6 39. e7 Re6 40. Rd6+ 1-0

[Event "AUT-chT2M 1213"]
[Site "Austria"]
[Date "2012.10.20"]
[Round "2.6"]
[White "Hackl, David"]
[Black "Schwabeneder, Alois"]
[Result "1/2-1/2"]
[WhiteElo "1944"]
[BlackElo "2061"]
[PlyCount "116"]
[EventDate "2012.10.19"]
[EventType "team-tourn"]
[EventRounds "11"]
[EventCountry "AUT"]
[SourceTitle "EXT 2013"]
[Source "ChessBase"]
[SourceDate "2012.11.22"]
[SourceVersion "1"]
[SourceVersionDate "2012.11.22"]
[SourceQuality "1"]
[WhiteTeam "Klagenfurt"]
[BlackTeam "Grieskirchen/Schallerbach"]
[WhiteTeamCountry "AUT"]
[BlackTeamCountry "AUT"]

1. d4 Nf6 2. c4 c5 3. e3 g6 4. g3 Bg7 5. Bg2 0-0 6. Ne2 cxd4 7. Nxd4 Nc6 8. 0-0 Nxd4 9. exd4 d5 10. c5 a5 11. Nc3 Bd7 12. Re1 e6 13. Bf4 Bc6 14. Be5 Bh6 15. a3 a4 16. Bf1 Ra5 17. Bd3 Ne8 18. g4 Qd7 19. Qe2 f6 20. Bg3 Kf7 21. f4 Bg7 22. f5 e5 23. dxe5 fxe5 24. fxg6+ hxg6 25. Rf1+ Kg8 26. Bxe5 Bxe5 27. Rxf8+ Kxf8 28. Qxe5 Qxg4+ 29. Qg3 Qxg3+ 30. hxg3 Kg7 31. Re1 Rxc5 32. Re7+ Kf6 33. Re1 Nd6 34. Kf2 Nf5 35. Bxf5 Kxf5 36. Ke3 Rc4 37. Rd1 Ke5 38. Ne2 d4+ 39. Rxd4 Rc2 40. Rb4 g5 41. Nd4 Rc1 42. Nxc6+ bxc6 43. Rxa4 Kf5 44. g4+ Kf6 45. b4 Rc4 46. Ra6 Rxg4 47. Rxc6+ Ke5 48. Rc5+ Kd6 49. Kf3 Rd4 50. Ra5 Kc6 51. Rxg5 Rd3+ 52. Ke4 Rxa3 53. Kd4 Rh3 54. Kc4 Rh4+ 55. Kb3 Rh3+ 56. Ka4 Kb6 57. Re5 Ka6 58. Rf5 Kb6 1/2-1/2